Practical HTML 4 / (Record no. 156271)

MARC details
000 -LEADER
fixed length control field 00689nam a22002297a 4500
003 - CONTROL NUMBER IDENTIFIER
control field dpl
005 - DATE AND TIME OF LATEST TRANSACTION
control field 20180824133240.0
008 - FIXED-LENGTH DATA ELEMENTS--GENERAL INFORMATION
fixed length control field 180824b xxu||||| |||| 00| 0 eng d
010 ## - LIBRARY OF CONGRESS CONTROL NUMBER
LC control number A-999470
020 ## - INTERNATIONAL STANDARD BOOK NUMBER
International Standard Book Number 812031638-X
Terms of availability 250.00
035 ## - SYSTEM CONTROL NUMBER
System control number A-999470
040 ## - CATALOGING SOURCE
Transcribing agency 0
082 ## - DEWEY DECIMAL CLASSIFICATION NUMBER
Classification number 005.3
100 ## - MAIN ENTRY--PERSONAL NAME
Personal name Phillips, Lee Anne
245 ## - TITLE STATEMENT
Title Practical HTML 4 /
Statement of responsibility, etc by Lee anne phillips
260 ## - PUBLICATION, DISTRIBUTION, ETC. (IMPRINT)
Place of publication, distribution, etc New Delhi
Name of publisher, distributor, etc prentice-Hall of india private limited
Date of publication, distribution, etc 1999
270 ## - ADDRESS
Address M-97, connaught circus
City New Delhi
Postal code 110001
300 ## - PHYSICAL DESCRIPTION
Extent xiii, 700p.
Dimensions 25 cm (Hb)
500 ## - GENERAL NOTE
General note Includes index
650 ## - SUBJECT ADDED ENTRY--TOPICAL TERM
Topical term or geographic name as entry element Library Automation
942 ## - ADDED ENTRY ELEMENTS (KOHA)
Institution code [OBSOLETE] dpl
Koha item type English Books
Call number prefix 005.3 / PHI
Source of classification or shelving scheme Dewey Decimal Classification
Classification part 005.3
Call number suffix PHI
Holdings
Withdrawn status Lost status Source of classification or shelving scheme Damaged status Not for loan Collection code Home library Current library Date acquired Source of acquisition Cost, normal purchase price Total Checkouts Full call number Barcode Date last seen Cost, replacement price Price effective from Koha item type
    Dewey Decimal Classification     Non-fiction Shahdara Branch Shahdara Branch 24/08/2018 BPPD/PUB 250.00   005.3 PHI A-999470 24/08/2018 250.00 24/08/2018 English Books

© Delhi Public Library
Hit Counter
free hit counter